| 000 | 05568nas1a22004211i 4500 | ||
|---|---|---|---|
| 001 | RU\NLR\INFOCOMM55\5000167520 | ||
| 005 | 20240726041521.0 | ||
| 035 | _a(NLR Aleph) 002416415 | ||
| 090 |
_a1863819 _c1863819 |
||
| 100 | _a20050121c1928 |||y0rusy50 ca | ||
| 101 | 0 | _arus | |
| 102 | _aRU | ||
| 110 | _aafuzz 0|y| | ||
| 200 | 1 |
_aБюллетень СерпНИТИ _eЕжемесячный журн. Серпух. филиала Науч.-исслед. ин-та текстильной пром-сти и Гос. Серпух. хлопчато-бумажного треста |
|
| 210 |
_aСерпухов _d1928-1932 |
||
| 300 | _aС апр. 1929 г. по авг. 1932 г. выходит нумерованными вып. по отделам | ||
| 333 | _aВ 1928-1931 г.г. на правах рукописи | ||
| 430 | 0 |
_12001#$aБюллетень Центральной лаборатории первого Государственного хлопчато-бумажного треста _tБюллетень Центральной лаборатории первого Государственного хлопчато-бумажного треста |
|
| 430 | 0 |
_12001#$aБюллетень первого Государственного хлопчато-бумажного треста при Центральной лаборатории _tБюллетень первого Государственного хлопчато-бумажного треста при Центральной лаборатории |
|
| 430 | 0 |
_12001#$aБюллетень Серпуховского хлопчатобумажного треста при Центральной лаборатории _tБюллетень Серпуховского хлопчатобумажного треста при Центральной лаборатории |
|
| 430 | 0 |
_12001#$aБюллетень Центральной лаборатории Серпуховского хлопчато-бумажного треста _tБюллетень Центральной лаборатории Серпуховского хлопчато-бумажного треста |
|
| 430 | 0 |
_12001#$aБюллетень Серпуховского филиала НИТИ _tБюллетень Серпуховского филиала НИТИ |
|
| 710 | 0 | 2 |
_aЦентральный научно-исследовательский институт текстильной промышленности _bСерпуховский филиал _cМосква _4070 |
| 801 | 1 |
_aRU _bInfoComm _c20050121 |
|
| 801 | 0 |
_aRU _bNLR _gPSBO |
|
| 852 |
_aNLR _jП11/390 |
||
| 942 | _cJOURNAL | ||
| 980 | _aRUSPER | ||